Vista normal
Vista MARC
Entrada Materia (personas)
Número de registros utilizados en: 2
001 - CONTROL NUMBER
- control field: 62225
003 - CONTROL NUMBER IDENTIFIER
- control field: Co-BoUCM
005 - DATE AND TIME OF LATEST TRANSACTION
- control field: 20140605080458.0
008 - FIXED-LENGTH DATA ELEMENTS
- fixed length control field: 140605|| aca||aabn | a|a d
040 ## - CATALOGING SOURCE
- Original cataloging agency: Co-BoUCM
- Transcribing agency: Co-BoUCM
100 ## - HEADING--PERSONAL NAME
- Personal name: Fabo de María, P.
- Fuller form of name: (Pedro)
670 ## - SOURCE DATA FOUND
- Source citation: Work cat.: (Co-BoUCM): Fabo de María, P. (Pedro), Historia de la ciudad de Manizales, 1926